000 00435nam a2200169Ia 4500
008 230917s9999||||xx |||||||||||||| ||und||
020 _cRS 295.00
040 _e5010013
_aMAIN
041 _aEnglish
082 _a829.443 M278M
100 _aMahasweta Devi
245 0 _aMother of 1084
260 _aLondon
_bSeagull Books
_c2016
300 _axix, 130 p.
500 _a4608 15/11/2022 HBD22/9557 15/12/2022 Main Budget
942 _cBK
999 _c6204
_d6204